000 00560nam a2200217Ia 4500
003 OSt
005 20220928144606.0
006 a|||||r|||| 00| 0
007 ta
008 220927b |||||||| |||| 00| 0 eng d
024 _a72324
037 _cTextual
040 _aSDCL
_cSDCL
_beng
041 _2eng
_aeng
082 _aQ1:415, L9
100 _aDange Sadashiv Ambadas
_9508604
245 0 _aSexual symbolism from the vedic ritual
260 _c1979
942 _hQ1:415, L9
_cTEXL
_2CC
999 _c828379
_d828379